书目信息 |
| 题名: |
基础教育的研究与探索
|
|
| 作者: | 田京生 主编 | |
| 分册: | ||
| 出版信息: | 北京 中国和平出版社 2008 |
|
| 页数: | 312页 | |
| 开本: | 23cm | |
| 丛书名: | ||
| 单 册: | ||
| 中图分类: | G639.2 | |
| 科图分类: | ||
| 主题词: | 基础教育--中国--文集 , 基础教育 | |
| 电子资源: | ||
| ISBN: | 978-7-80201-779-5 | |
| 000 | 00886nam0 2200229 45 | |
| 005 | 20100303143320.84 | |
| 010 | @a978-7-80201-779-5@dCNY36.00 | |
| 100 | @a20100121d2008 ekmy0chiy0120 ea | |
| 101 | 0 | @achi |
| 102 | @aCN@b110000 | |
| 105 | @ay z 000yy | |
| 106 | @ar | |
| 200 | 1 | @a基础教育的研究与探索@AJi Chu Jiao Yu De Yan Jiu Yu Tan Suo@e北京市西城区“十五”教育研究成果@EBei Jing Shi Xi Cheng Qu“ Shi Wu” Jiao Yu Yan Jiu Cheng Guo@f田京生主编@FTian Jing Sheng Zhu Bian |
| 210 | @a北京@c中国和平出版社@d2008 | |
| 215 | @a312页@d23cm | |
| 330 | @a本书内容包括:区域教育管理研究、学校管理研究、德教育心理研究、学科教学研究、学习方法研究、课程研究、综合研究、学前教育研究。 | |
| 606 | 0 | @a基础教育@y中国@j文集 |
| 606 | 0 | @a基础教育 |
| 690 | @aG639.2@v4 | |
| 701 | 0 | @a田京生@ATian Jing Sheng@4主编 |
| 801 | 0 | @aCN@bTANGWEI@c20100303 |
| 905 | @b0584687-91@dG639.2@e1069@f5 | |
| 基础教育的研究与探索:北京市西城区“十五”教育研究成果/田京生主编.-北京:中国和平出版社,2008 |
| 312页;23cm |
| ISBN 978-7-80201-779-5:CNY36.00 |
| 本书内容包括:区域教育管理研究、学校管理研究、德教育心理研究、学科教学研究、学习方法研究、课程研究、综合研究、学前教育研究。 |
| ● |
| 相关链接 |
|
|
|
|
正题名:基础教育的研究与探索
索取号:G639.2/1069
 
预约/预借
| 序号 | 登录号 | 条形码 | 馆藏地/架位号 | 状态 | 备注 |
| 1 | 0584687 | 205846879 | 第一样本阅览室/ [索取号:G639.2/1069] | 在馆 | |
| 2 | 0584688 | 205846888 | 第四借阅区/ [索取号:G639.2/1069] | 在馆 | |
| 3 | 0584689 | 205846897 | 第四借阅区/ [索取号:G639.2/1069] | 在馆 | |
| 4 | 0584690 | 205846904 | 第四借阅区/ [索取号:G639.2/1069] | 在馆 | |
| 5 | 0584691 | 205846913 | 教育系资料室/ [索取号:G639.2/1069] | 在馆 |